| 000 | 00576nam a2200193Ia 4500 | ||
|---|---|---|---|
| 005 | 20250508161958.0 | ||
| 008 | 008 250505s9999 xx 000 0 eng d | ||
| 037 | _aTextual | ||
| 040 |
_aFEDL _beng _cFEDL |
||
| 041 |
_aeng _2eng |
||
| 084 |
_a370.97, WEL _qFEDL |
||
| 100 |
_aWelton David A _9771935 |
||
| 245 | 0 | _aRealms of teaching : An introducation to American education | |
| 260 |
_aChicago, USA _bRand McNally College Publishing Company _c1979 |
||
| 300 | _a446p | ||
| 650 | _aEducation | ||
| 942 |
_cTEXL _h370.97, WEL |
||
| 999 |
_c1373624 _d1373624 |
||